000 00352nam a2200133Ia 4500
008 240624s9999 xx 000 0 und d
041 _aeng
082 _a158 STA
100 _aSTAPLES WALTER DOYLE
245 _aHAPPY 95 OF THE TIME 3 SIMPLE PROVEN WAY
260 _c2015
_aMumbai
_bJaico Publishing
300 _a254 : p. : cm. ; 21
365 _cRS
_b35
999 _c26762
_d26762